Foundations of psychiatric mental health nursing: a clinical approach. (4th ed.) (Record no. 63876)

MARC details
000 -LEADER
fixed length control field 01554nam a2200241 a 4500
008 - FIXED-LENGTH DATA ELEMENTS--GENERAL INFORMATION
fixed length control field 110909s2002 ||||||||||||||||| || u
020 ## - INTERNATIONAL STANDARD BOOK NUMBER
International Standard Book Number 0721688969
050 ## - LIBRARY OF CONGRESS CALL NUMBER
Classification number RC 440 Var
100 ## - MAIN ENTRY--PERSONAL NAME
Personal name Varcarolis, Elizabeth M
245 10 - TITLE STATEMENT
Title Foundations of psychiatric mental health nursing: a clinical approach. (4th ed.)
250 ## - EDITION STATEMENT
Edition statement 4th ed.
260 ## - PUBLICATION, DISTRIBUTION, ETC.
Place of publication, distribution, etc. Philadelphia:
Name of publisher, distributor, etc. Saunders
Date of publication, distribution, etc. 2002
300 ## - PHYSICAL DESCRIPTION
Extent xx, 987p. [variant pagings] : ill.
350 ## -
-- 0.00
650 ## - SUBJECT ADDED ENTRY--TOPICAL TERM
Topical term or geographic name entry element PSYCHIATRY--DIFFERENTIAL THERAPEUTICS
650 ## - SUBJECT ADDED ENTRY--TOPICAL TERM
Topical term or geographic name entry element MENTAL DISORDERS--NURSING
650 #0 - SUBJECT ADDED ENTRY--TOPICAL TERM
Topical term or geographic name entry element PSYCHIATRIC NURSING
995 ## -
-- MICHAEL CHILUFYA SATA OPEN ACCESS
-- 0.00
-- 900143
-- CBU-SCHOOL OF MEDICINE LIBRARY (Ndola)
-- 1
-- 0.00
-- RC 440 Var
-- 5
-- AVAILABLE
-- Sep 30, 2011
-- 900143
-- Medical Library Open Access Collection
995 ## -
-- MEDICAL LIBRARY OPEN ACCESS
-- 0.00
-- 900140
-- CBU-SCHOOL OF MEDICINE LIBRARY (Ndola)
-- 1
-- 0.00
-- RC 440 Var
-- 2
-- AVAILABLE
-- Sep 30, 2011
-- 900140
-- Medical Library Open Access Collection
995 ## -
-- MEDICAL LIBRARY OPEN ACCESS
-- 0.00
-- 900142
-- CBU-SCHOOL OF MEDICINE LIBRARY (Ndola)
-- 1
-- 0.00
-- RC 440 Var
-- 4
-- AVAILABLE
-- Sep 30, 2011
-- 900142
-- Medical Library Open Access Collection
995 ## -
-- MEDICAL LIBRARY OPEN ACCESS
-- 0.00
-- 900139
-- CBU-SCHOOL OF MEDICINE LIBRARY (Ndola)
-- 1
-- 0.00
-- RC 440 Var
-- 1
-- AVAILABLE
-- Sep 30, 2011
-- 900139
-- Medical Library Open Access Collection
995 ## -
-- MEDICAL LIBRARY OPEN ACCESS
-- 0.00
-- 900141
-- CBU-SCHOOL OF MEDICINE LIBRARY (Ndola)
-- 1
-- 0.00
-- RC 440 Var
-- 3
-- AVAILABLE
-- Sep 30, 2011
-- 900141
-- Medical Library Open Access Collection
999 ## -
-- 63876
-- 63876
Holdings
Withdrawn status Lost status Source of classification or shelving scheme Damaged status Not for loan Permanent Location Current Location Shelving location Date acquired Total Checkouts Full call number Barcode Date last seen Copy number Price effective from Koha item type
          CBU-MICHAEL CHILUFYA SATA LIBRARY CBU-MICHAEL CHILUFYA SATA LIBRARY   02/01/2023   RC 440 Var 900143 02/01/2023 1 02/01/2023 MONOGRAPH
          CBU-SCHOOL OF MEDICINE LIBRARY, NDOLA. CBU-SCHOOL OF MEDICINE LIBRARY, NDOLA.   02/01/2023   RC 440 Var 900140 02/01/2023 2 02/01/2023 MONOGRAPH
          CBU-SCHOOL OF MEDICINE LIBRARY, NDOLA. CBU-SCHOOL OF MEDICINE LIBRARY, NDOLA.   02/01/2023   RC 440 Var 900142 02/01/2023 3 02/01/2023 MONOGRAPH
          CBU-SCHOOL OF MEDICINE LIBRARY, NDOLA. CBU-SCHOOL OF MEDICINE LIBRARY, NDOLA.   02/01/2023   RC 440 Var 900139 02/01/2023 4 02/01/2023 MONOGRAPH
          CBU-SCHOOL OF MEDICINE LIBRARY, NDOLA. CBU-SCHOOL OF MEDICINE LIBRARY, NDOLA.   02/01/2023   RC 440 Var 900141 02/01/2023 5 02/01/2023 MONOGRAPH